000 01113cam a2200325 a 4500
003 CHAP
005 20220329142222.0
008 000224d1991 mx a r 00010 spa d
010 _a80069
011 _a81041
020 _a9681204719
035 _a91500
040 _cCHAP
082 0 4 _a305.4
_bS3
100 0 0 _aSalles, Vania
_ecoord.
_9101750
245 1 0 _aTextos y pre-textos :
_bonce estudios sobre la mujer
_c/por Vania Salles y Elsie McPhail
260 _aMéxico, D. F. :
_bEl Colegio de México. Programa Interdisciplinario de Estudios de la Mujer,
_c1991.
300 _a502 p. :
_bilus.
590 _aBATCH-UPD
_b10
_c20130110
_lUCH01
_h0448
590 _aBATCH-UPD
_b10
_c20130410
_lUCH01
_h0124
590 _aBATCH-UPD
_b10
_c20130914
_lUCH01
_h1806
590 _aCONVERSION
_b10
_c20130109
_lUCH01
_h1344
650 1 4 _aMujer
_xActividad política.
_979313
650 1 4 _aMujer
_xSituación social
_zColima.
_979337
700 0 _aMcPhail, Elsie
_ecoord.
_973742
901 _aBK
905 _aBlanca M. García O.
942 _cLIBRO
949 _a305.4 S3
_bBC
_cLIBRO
_d33724000740262
_eLIBRO
_h95595
_i91500
_si
999 _c80069
_d80069